00357pam a2200145a 44500008004100000020002300041082001300064100002100077245003300098260003200131300000900163502000900172906001100181999001900192230405s2004 xxu||||| |||| 00| 0 eng d a8180612902cRs. 73 a618bRAP aRapur, Seethamma aComprehensive Approch To PPH aNew DelhibJaypee Pubc2004 a62 p atext a000673 c249444d249444